Taylor Swift - Devine les chansons par le refrain #3 - Statistiques

Statistiques générales
  • Ce quiz a été pris 371 fois
  • Le résultat moyen est 11 sur 15
Statistiques - réponses
Hint Réponse % Correct
Romeo, take me somewhere we can be aloneI'll be waiting, all there's left to do is run You'll be the prince and I'll be the princess It's a ***, baby, just say, "Yes" Love Story
100%
So it's gonna be foreverOr it's gonna go down in flames? You can tell me when it's over, mm If the high was worth the pain Got a long list of ex-lovers They'll tell you I'm insane 'Cause you know I love the players And you love the game 'Cause we're young and we're reckless We'll take this way too far It'll leave you breathless, mm Or with a nasty scar Got a long list of ex-lovers They'll tell you I'm insane But I've got a ***, baby And I'll write your name Blank Space
95%
'Cause there we are again on that little town streetYou almost ran the red 'cause you were lookin' over at me Wind in my hair, I was there I remember it *** All Too Well
91%
And it's new, the shape of your bodyIt's blue, the feeling I've got And it's ooh, woah-oh It's a *** It's cool, that's what I tell 'em No rules in breakable heaven But ooh, woah-oh It's a *** with you Cruel Summer
89%
But I can see us lost in the memory*** slipped away into a moment in time 'Cause it was never mine And I can see us twisted in bedsheets *** sipped away like a bottle of wine 'Cause you were never mine august
86%
And for a *** there, we were foreverRun into you sometimes, ask about the weather Now you're in my backyard, turned into good neighbors Your wife waters flowers, I wanna kill her Fortnight
81%
What if I told you none of it was accidental?And the first night that you saw me Nothing was gonna stop me I laid the groundwork, and then Just like clockwork The dominoes cascaded in a line What if I told you I'm a ***? And now you're mine It was all by dеsign 'Cause I'm a *** Mastermind
80%
Because I dropped your hand while dancingLeft you out there standing Crestfallen on the landing *** Your mom's ring in your pocket My picture in your wallet Your heart was glass, I dropped it *** champagne problems
77%
They say ***Then why's it feel so good? They say *** But why's it feel so good? Most fun I ever had And I'd do it over and over and over again if I could It just felt so good, good I Did Something Bad
77%
*** the walls we crashed throughHow the kingdom lights shined just for me and you I was screaming, "*** all the magic we made" And bring on all the pretenders One day, we will be remembered Long Live
76%
Whether I'm gonna be your wife orGonna smash up your bike, I haven't decided yet But *** Whether I'm gonna curse you out or Take you back to my house, I haven't decidеd yet But *** Imgonnagetyouback
62%
He's the reason for the ***The only thing that keeps me wishin' on a wishing star He's the song in the car I keep singing, don't know why I do Teardrops On My Guitar
55%
I don't know who I'm going to talk to now at schoolBut I know I'm laughing on the car ride home with you Don't know how long it's going to take to feel okay But I know I had *** with you today The Best Day
51%
And darling, it was goodNever looking down And right there where we stood Was *** Holy Ground
27%
Into the mist, into the cloudsDon't leave I make a fist, I'll make it count And there are places I will never, ever go And things that only *** will ever know Carolina
15%
Aucun quiz correspondant
Distribution des résultats
% des personnes avec chaque résultat
Percentile par nombre de réponses
Votre historique - résultats
Vous n’avez pas pris ce quiz